China General Knowledge #2 - Statistics

General Stats
  • This quiz has been taken 54 times
  • The average score is 10 of 20
Answer Stats
Question Answer % Correct
What city is sometimes called the Las Vegas of China? Macau
93%
Number considered unlucky due to its pronunciation 4
84%
City that has gone under several separatist movements, which all resulted in failure Hong Kong
84%
Disputed sea claimed by 7 different countries including China itself South China Sea
82%
First animal in the Chinese Zodiac Rat
80%
Metro area that the above is located in Guangzhou
64%
The largest dam in the world Three Gorges
61%
Famous female warrior that served the state of Northern Wei Hua Mulan
57%
City sometimes called the cradle of manufacturing startups Shenzhen
55%
First president of the Republic of China and leader of the Chinese National Party Sun Yat-sen
48%
During which dynasty was gunpowder invented? Tang
48%
Cooking method that involves pouring uncooked food into a heated pot of water or soup, primarily popular in Chongqing and Sichuan Hot Pot
45%
Largest river in Southern China Pearl
43%
Major port in Northeastern China Dalian
41%
Who is the strongest major protagonist in the Classical novel Journey to the West ? Monkey King
39%
Most ethnically diverse province, with 25 out of all 56 local ethnicities in the country Yunnan
27%
Founder of the Ming Dynasty Hung-Wu
25%
Major pass on the East end of the Great Wall, also a UNESCO World Heritage site Shanhai Pass
16%
Mythical beast that was believed to have created the world Pangu
9%
Despite having been banned as of 18 November 1997, some cities still have one of those Flags
7%
No matching quizzes found
Score Distribution
Percent of People with Each Score
Percentile by Number Answered
Your Score History
You have not taken this quiz